000 00860cam a2200277 4500
001 J95293
008 090401t1998 xxu||||| |||| 00| 0 eng d
020 _a1901171019
035 _a(Sirsi) u89942
041 _aeng
050 _a692.8
110 _aAssociation Of Consultant Architects
_91156
245 _aACA form of building agreement 1982.
250 _a3rd ed.
260 _aBromley, Kent
_bAssociation of Consultant Architects
_c1998
300 _a30p. ; 30cm.
350 _a11.5
520 _aInserted inside back cover ACA Conciliation Procedure 1998.
650 _aACA CONCILIATION PROCEDURE 1998
650 _aACA FORM OF BUILDING AGREEMENT
650 _aBUILT ENVIRONMENT-BUILDING CONTRACT FORMS
650 _aDISPUTE RESOLUTION
_96236
690 _aBUILT ENVIRONMENT-BUILDING CONTRACT FORMS
942 _n0
948 _c25/11/1998
999 _c97521
_d97521